| 000 | 00638nam a2200253Ia 4500 | ||
|---|---|---|---|
| 003 | OSt | ||
| 005 | 20221007114942.0 | ||
| 006 | a|||||r|||| 00| 0 | ||
| 007 | ta | ||
| 008 | 221006b |||||||| |||| 00| 0 hin d | ||
| 024 | _a35,502 | ||
| 037 | _cTextual | ||
| 040 |
_aLCO _cLCO _bhin |
||
| 041 |
_2hin _ahin |
||
| 082 | _aZ2,5q, Q3 | ||
| 100 | _aParanjape N.V. | ||
| 245 | 0 | _aBhartiya Dhand Sanhita | |
| 250 | _a7th | ||
| 260 |
_aAllahabad _bCentral Law Publications India _c2013 |
||
| 300 | _a976 | ||
| 650 | _aIndian Penal Code | ||
| 942 |
_hZ2,5q, Q3 _cTEXL |
||
| 999 |
_c1205065 _d1205065 |
||